[Event "Lliga Catalana DH"]
[Site "?"]
[Date "2015.02.14"]
[Round "4.7"]
[White "De la Riva Aguado, J."]
[Black "Gallart Zafra, J."]
[Result "1/2-1/2"]
[WhiteElo "2306"]
[BlackElo "2299"]
[PlyCount "23"]
[EventDate "2015.??.??"]
[EventType "team"]

1. d4 Nf6 2. Nf3 g6 3. c4 Bg7 4. Nc3 d5 5. e3 O-O 6. cxd5 Nxd5 7. Bc4 Nxc3 8.
bxc3 c5 9. O-O Qc7 10. Be2 Nd7 11. Bb2 b6 12. Rc1 1/2-1/2

[Event "Lliga Catalana DH"]
[Site "?"]
[Date "2015.02.14"]
[Round "4.9"]
[White "Masip Tresserra, O."]
[Black "Clopes Llahi, J."]
[Result "1/2-1/2"]
[WhiteElo "2226"]
[BlackElo "2253"]
[PlyCount "135"]
[EventDate "2015.??.??"]
[EventType "team"]

1. Nf3 Nf6 2. g3 e6 3. Bg2 d5 4. d3 Be7 5. O-O O-O 6. Nc3 c5 7. e4 d4 8. Ne2
Nc6 9. h3 b6 10. Nd2 Bb7 11. f4 b5 12. g4 Qb6 13. Ng3 Rad8 14. Nf3 Qc7 15. g5
Nd7 16. h4 f5 17. h5 Bd6 18. Nh4 fxe4 19. Qg4 Nb6 20. Qxe6+ Qf7 21. Qxf7+ Rxf7
22. g6 hxg6 23. hxg6 Rff8 24. Nxe4 Be7 25. Nf3 Nb4 26. Rf2 c4 27. Ne5 Bd5 28.
a3 Nc6 29. Nxc6 Bxc6 30. f5 Bd7 31. Bh3 Bc8 32. Bg5 Bxg5 33. Nxg5 Nd5 34. Nf7
Rde8 35. Nd6 Re3 36. Bg2 Nb6 37. dxc4 bxc4 38. Nxc4 Rg3 39. Nxb6 axb6 40. Kh2
Rg5 41. Bh3 Rxg6 42. Rd1 Rgf6 43. Rxd4 Bxf5 44. Bxf5 Rxf5 45. Rxf5 Rxf5 46. Kg3
Rc5 47. c4 Kf7 48. b4 Rc6 49. Kf4 Kf6 50. a4 Ke6 51. Re4+ Kf6 52. Rd4 Ke6 53.
Ke4 Rc8 54. Kd3 Ra8 55. c5 bxc5 56. bxc5 g5 57. Kc3 Ke5 58. Rg4 Kf5 59. Rc4 g4
60. Kb4 g3 61. Rc3 Rb8+ 62. Ka5 Rg8 63. c6 g2 64. Rc1 Ke6 65. Rg1 Kd6 66. Kb6
Rb8+ 67. Ka7 Rb2 68. Rc1 1/2-1/2

[Event "Lliga Catalana DH"]
[Site "?"]
[Date "2015.02.14"]
[Round "4.10"]
[White "Gonzalez Verges, A."]
[Black "Heredia Tarrats, A."]
[Result "1/2-1/2"]
[WhiteElo "2276"]
[BlackElo "2181"]
[PlyCount "78"]
[EventDate "2015.??.??"]
[EventType "team"]

1. e4 e6 2. d4 d5 3. Nc3 Bb4 4. Nge2 dxe4 5. a3 Be7 6. Nxe4 Nf6 7. Qd3 Nbd7 8.
N2c3 O-O 9. Qg3 Kh8 10. Nxf6 Nxf6 11. Be3 Qd6 12. Qxd6 cxd6 13. Be2 Bd7 14. d5
e5 15. f3 Rfc8 16. O-O-O a6 17. g4 b5 18. Na2 a5 19. b3 Rc7 20. Kb2 Rac8 21. c3
e4 22. h3 exf3 23. Bxf3 a4 24. b4 Rc4 25. Bd4 Ne8 26. Be2 R4c7 27. h4 Nf6 28.
g5 Nxd5 29. Bxg7+ Kxg7 30. Rxd5 Bc6 31. Rhd1 Bxd5 32. Rxd5 Rc4 33. Bxc4 Rxc4
34. Rxb5 Rxh4 35. Rd5 Rh2+ 36. Kb1 Rh1+ 37. Kb2 Rh2+ 38. Kb1 Rh1+ 39. Kb2 Rh2+
1/2-1/2

[Event "Lliga Catalana DH"]
[Site "?"]
[Date "2015.02.14"]
[Round "4.1"]
[White "Peralta, F."]
[Black "Gonzalez Rodriguez, JA."]
[Result "1/2-1/2"]
[WhiteElo "2575"]
[BlackElo "2466"]
[PlyCount "96"]
[EventDate "2015.??.??"]
[EventType "team"]

1. d4 Nf6 2. c4 c5 3. d5 e5 4. Nc3 d6 5. e4 g6 6. Nf3 Bg4 7. Be2 Bxf3 8. Bxf3
h5 9. b3 Nbd7 10. h4 a6 11. g3 Bh6 12. Bb2 Rb8 13. a3 O-O 14. O-O Ne8 15. b4
Ng7 16. Be2 Qe8 17. Rb1 f5 18. Kg2 f4 19. Qd3 Qe7 20. Bf3 b6 21. Ne2 cxb4 22.
axb4 a5 23. Bc3 axb4 24. Bxb4 Nc5 25. Bxc5 bxc5 26. Rxb8 Rxb8 27. Rb1 Rxb1 28.
Qxb1 fxg3 29. fxg3 Bd2 30. Qa2 Bb4 31. Qa8+ Kh7 32. Qb8 Ne8 33. Ng1 Nf6 34. Kf1
Kg7 35. Bg2 Qd7 36. Nh3 Bd2 37. Qb2 Bh6 38. Qb8 Ne8 39. Qa8 Be3 40. Qa3 Bd2 41.
Qa2 Bh6 42. Qa8 Nf6 43. Qb8 Be3 44. Qb3 Bd2 45. Qb2 Bh6 46. Qb8 Ne8 47. Qa8 Nf6
48. Qb8 Be3 1/2-1/2

[Event "Lliga Catalana DH"]
[Site "?"]
[Date "2015.02.14"]
[Round "4.2"]
[White "Lillo Castany, V."]
[Black "Fluvia Poyatos, Joan"]
[Result "0-1"]
[WhiteElo "2376"]
[BlackElo "2551"]
[PlyCount "110"]
[EventDate "2015.??.??"]
[EventType "team"]

1. e4 c5 2. Nf3 d6 3. c3 Nf6 4. Be2 Nc6 5. d4 cxd4 6. cxd4 Nxe4 7. d5 Qa5+ 8.
Nc3 Nxc3 9. bxc3 Nd8 10. O-O e5 11. dxe6 Nxe6 12. Rb1 a6 13. Nd4 Be7 14. Nxe6
fxe6 15. Bh5+ g6 16. Bf3 O-O 17. Bh6 Rf7 18. Bxb7 Bxb7 19. Rxb7 Qxa2 20. Qd4 e5
21. Qb6 Qe6 22. Ra1 Qf6 23. Be3 d5 24. Qxf6 Bxf6 25. Rb6 a5 26. Rd6 d4 27. cxd4
a4 28. Kf1 a3 29. Ra2 Ra4 30. d5 e4 31. Bc1 Bd4 32. Re6 Bc5 33. Rc6 Ra5 34. Re6
Re7 35. Rxe7 Bxe7 36. Ke2 Kf7 37. Kd1 Rxd5+ 38. Kc2 Rc5+ 39. Kb1 Rc3 40. Re2
Bc5 41. Bh6 Rc4 42. Ka2 Kf6 43. Be3 Bd6 44. Kb1 Kf5 45. Bc1 h5 46. h3 Rc3 47.
Be3 g5 48. Ka2 Bb4 49. Kb1 g4 50. h4 Ke5 51. g3 Kd5 52. Ka2 Kc4 53. Bg5 Kb5 54.
Rxe4 Rc2+ 55. Kb1 a2+ 0-1

[Event "Lliga Catalana DH"]
[Site "?"]
[Date "2015.02.14"]
[Round "4.3"]
[White "Panelo Muñoz, MA."]
[Black "Cuadras Avellana, J."]
[Result "1-0"]
[WhiteElo "2457"]
[BlackElo "2357"]
[PlyCount "83"]
[EventDate "2015.??.??"]
[EventType "team"]

1. d4 Nf6 2. c4 e6 3. Nf3 Bb4+ 4. Bd2 c5 5. Bxb4 cxb4 6. g3 O-O 7. Bg2 d6 8.
O-O a5 9. Qd3 Qc7 10. Nbd2 Na6 11. Ne1 e5 12. Nc2 Re8 13. a3 Bd7 14. axb4 axb4
15. Ne3 Bc6 16. Rfd1 Bxg2 17. Kxg2 Qb6 18. Ne4 Nxe4 19. Qxe4 Rac8 20. Qg4 Rcd8
21. Kg1 Nc7 22. Rd2 e4 23. Rc1 d5 24. cxd5 Nxd5 25. Nxd5 Rxd5 26. Rc8 Rxc8 27.
Qxc8+ Rd8 28. Qc4 e3 29. fxe3 h5 30. Rd3 h4 31. d5 hxg3 32. hxg3 Qg6 33. Kg2
Qh5 34. Rd2 g5 35. g4 Qg6 36. Qd3 Qb6 37. d6 Qc6+ 38. e4 f6 39. d7 Kg7 40. Qd5
Qc1 41. e5 Rh8 42. exf6+ 1-0

[Event "Lliga Catalana DH"]
[Site "?"]
[Date "2015.02.14"]
[Round "4.4"]
[White "Fernandez Perez, D."]
[Black "Jose Abril, R."]
[Result "0-1"]
[WhiteElo "2335"]
[BlackElo "2400"]
[PlyCount "90"]
[EventDate "2015.??.??"]
[EventType "team"]

1. d4 Nf6 2. Nf3 e6 3. c4 c5 4. d5 d6 5. Nc3 exd5 6. cxd5 g6 7. Nd2 Bg7 8. e4
O-O 9. Be2 Ne8 10. O-O f5 11. exf5 Bxf5 12. Nc4 Na6 13. Bg4 Nac7 14. a4 Qh4 15.
Bxf5 gxf5 16. Nd2 f4 17. a5 Na6 18. Nce4 Nb4 19. Nf3 Qg4 20. Qb3 Qf5 21. Nc3
Nc7 22. Ra4 b5 23. axb6 axb6 24. Rxb4 cxb4 25. Qxb4 Bxc3 26. bxc3 Ra1 27. Nd4
Qxd5 28. Qxb6 Ne6 29. Nxe6 Qxe6 30. Qd4 Qe5 31. Qd2 d5 32. Re1 Qf5 33. h3 Ra6
34. c4 dxc4 35. Qc3 Qd3 36. Qe5 c3 37. Bxf4 c2 38. Kh2 Raf6 39. Be3 Qd6 40.
Qg3+ Qxg3+ 41. Kxg3 Rg6+ 42. Kh2 Rd8 43. Rc1 Rc6 44. Kg3 Rd1 45. Kf3 Rxc1 0-1

[Event "Lliga Catalana DH"]
[Site "?"]
[Date "2015.02.14"]
[Round "4.5"]
[White "Oms Fuentes, L."]
[Black "Pinsach Gelabert, A."]
[Result "1-0"]
[WhiteElo "2378"]
[BlackElo "2314"]
[PlyCount "75"]
[EventDate "2015.??.??"]
[EventType "team"]

1. e4 e5 2. Nf3 Nc6 3. Bc4 Nf6 4. d3 Be7 5. O-O O-O 6. Re1 d6 7. c3 Na5 8. Bb5
c5 9. Nbd2 a6 10. Ba4 b5 11. Bc2 Nc6 12. Nf1 Qc7 13. Bg5 h6 14. Bh4 Nh7 15.
Bxe7 Nxe7 16. Ne3 Be6 17. d4 Rad8 18. Qe2 g6 19. h4 Nf6 20. a4 Ng4 21. dxe5
dxe5 22. axb5 axb5 23. Ra6 Rd6 24. Rea1 Rxa6 25. Rxa6 Nxe3 26. Qxe3 Kg7 27. Bd3
Rb8 28. Bf1 Nc8 29. b4 c4 30. Be2 Rb7 31. h5 g5 32. Nxg5 hxg5 33. Qxg5+ Kh7 34.
h6 f6 35. Qxf6 Rb6 36. Rxb6 Nxb6 37. Qxe6 Na4 38. Bg4 1-0

[Event "Lliga Catalana DH"]
[Site "?"]
[Date "2015.02.14"]
[Round "4.6"]
[White "Rocabert Andreu, G."]
[Black "Raineri de Luca, P."]
[Result "0-1"]
[WhiteElo "2297"]
[BlackElo "2374"]
[PlyCount "104"]
[EventDate "2015.??.??"]
[EventType "team"]

1. c4 c6 2. Nc3 d5 3. d4 Nf6 4. e3 a6 5. Nf3 b5 6. cxb5 cxb5 7. Bd3 Bb7 8. O-O
e6 9. Ne5 Bd6 10. f4 Nbd7 11. Bd2 O-O 12. Be1 Ne4 13. Qh5 f5 14. Bh4 Ndf6 15.
Qe2 Qe8 16. Rfc1 Nd7 17. a4 b4 18. Nd1 Nxe5 19. fxe5 Bb8 20. a5 f4 21. Be1 Qg6
22. Bxb4 Rf5 23. Bxe4 dxe4 24. exf4 e3 25. Nxe3 Rxf4 26. Rf1 Bxe5 27. dxe5 Rxb4
28. Qf2 Re4 29. Ra3 Rxe5 30. Rb3 Be4 31. Qf4 Rb5 32. Rxb5 axb5 33. b4 h6 34.
Rf2 Rc8 35. h3 Bb7 36. Kh2 Ba8 37. Qe5 Qe4 38. Qxe4 Bxe4 39. Rf4 Bb7 40. Rd4
Rc3 41. Nd1 Rc2 42. Kg3 Rxg2+ 43. Kf4 Rg5 44. Rd7 Bd5 45. a6 Rf5+ 46. Ke3 Rf3+
47. Kd4 Ra3 48. a7 Kh7 49. Kc5 Bf3 50. Nb2 Be2 51. Kb6 e5 52. Nd3 e4 $138 0-1

[Event "Lliga Catalana DH"]
[Site "?"]
[Date "2015.02.14"]
[Round "4.7"]
[White "Iglesias Romero, J."]
[Black "Serra Pages, J."]
[Result "1/2-1/2"]
[WhiteElo "2365"]
[BlackElo "2291"]
[PlyCount "35"]
[EventDate "2015.??.??"]
[EventType "team"]

1. d4 Nf6 2. c4 g6 3. Nc3 d5 4. Bf4 Bg7 5. e3 c5 6. dxc5 Qa5 7. Rc1 dxc4 8.
Bxc4 O-O 9. Nf3 Qxc5 10. Bb3 Nc6 11. O-O Qa5 12. Qe2 Nh5 13. Bg5 Bg4 14. Bh4 g5
15. Bg3 Nxg3 16. hxg3 h6 17. Rfd1 Rad8 18. Qc2 1/2-1/2

[Event "Lliga Catalana DH"]
[Site "?"]
[Date "2015.02.14"]
[Round "4.8"]
[White "Casanellas Ruano, L."]
[Black "Gutierrez Clares, J."]
[Result "0-1"]
[WhiteElo "2272"]
[BlackElo "2328"]
[PlyCount "155"]
[EventDate "2015.??.??"]
[EventType "team"]

1. d4 Nf6 2. c4 g6 3. Nc3 Bg7 4. e4 O-O 5. Nf3 d6 6. Be2 Na6 7. O-O e5 8. Rb1
exd4 9. Nxd4 Nc5 10. Bf3 a5 11. b3 Re8 12. Re1 Bd7 13. a3 h6 14. h4 h5 15. Bg5
Qc8 16. b4 axb4 17. axb4 Na4 18. Nxa4 Rxa4 19. Nb5 Ra8 20. Nc3 Bg4 21. Bxg4
hxg4 22. Rb3 Nh7 23. Nd5 Nxg5 24. hxg5 Ra1 25. Rb1 Rxb1 26. Qxb1 c6 27. Nf6+
Bxf6 28. gxf6 Qe6 29. Qd1 g3 30. fxg3 Qxf6 31. Qd3 Qe5 32. Rf1 Qxe4 33. Qxd6
Qxc4 34. Rf4 Qe6 35. Qc7 b5 36. Rh4 Kg7 37. Kh2 Rh8 38. Rxh8 Kxh8 39. Qd8+ Kg7
40. Qd4+ Qf6 41. Qc5 Kh7 42. Qa7 Qe6 43. Qd4 Qd5 44. Qf6 Kg8 45. Qe7 Kg7 46.
Qc7 Kf6 47. Qb6 Kf5 48. Qf2+ Ke4 49. Qf6 Kd3 50. Qf1+ Kc2 51. Qf6 Kb3 52. Qe7
Qc4 53. Qd6 Qxb4 54. Qxc6 Qc4 55. Qf3+ Kb4 56. Qd1 Kc5 57. Qg1+ Kd5 58. Qd1+
Ke6 59. Qe1+ Kf5 60. Qb1+ Kg5 61. Qe1 Kh6 62. Qe3+ Kh7 63. Qa3 b4 64. Qa4 Qc3
65. Qa5 Kg7 66. Kg1 Qd4+ 67. Kh2 b3 68. Qb5 b2 69. Qb3 Qe5 70. Qc2 Qb5 71. Qb1
Qb3 72. g4 Qc3 73. Qe4 Qc1 74. Qe5+ Kh7 75. Qf6 Qh6+ 76. Kg3 b1=Q 77. Qxf7+ Qg7
78. Qxg7+ 0-1

[Event "Lliga Catalana DH"]
[Site "?"]
[Date "2015.02.14"]
[Round "4.9"]
[White "Fernandez Madrid, C."]
[Black "Colls Gelaberto, E."]
[Result "1/2-1/2"]
[WhiteElo "2270"]
[BlackElo "2238"]
[PlyCount "52"]
[EventDate "2015.??.??"]
[EventType "team"]

1. c4 Nf6 2. Nf3 c5 3. g3 d5 4. b3 dxc4 5. bxc4 g6 6. Bg2 Bg7 7. Bb2 O-O 8. O-O
Nc6 9. d3 Bd7 10. Nbd2 Rc8 11. Rb1 Qc7 12. Bxf6 exf6 13. Ne4 b6 14. Nc3 f5 15.
Nd5 Qd6 16. Ng5 Rfe8 17. Nh3 Nd4 18. e3 Ne6 19. Nhf4 Bc6 20. Qb3 Red8 21. Qa3
Rd7 22. Rfd1 Kf8 23. Qa6 Bb7 24. Qa4 Bc6 25. Qa6 Bb7 26. Qa4 Bc6 1/2-1/2

[Event "Lliga Catalana DH"]
[Site "?"]
[Date "2015.02.14"]
[Round "4.10"]
[White "Fernandez Garcia, F."]
[Black "Fernandez Serrano, P."]
[Result "1/2-1/2"]
[WhiteElo "2238"]
[BlackElo "2256"]
[PlyCount "77"]
[EventDate "2015.??.??"]
[EventType "team"]

1. c4 g6 2. g3 Bg7 3. Bg2 d6 4. Nc3 Nc6 5. e4 e5 6. d3 Be6 7. Nge2 Qd7 8. Nd5
Nd8 9. Nec3 c6 10. Ne3 Bh3 11. Bxh3 Qxh3 12. Qg4 Qxg4 13. Nxg4 Ne6 14. h4 h5
15. Ne3 Bh6 16. Nc2 f5 17. f3 Nf6 18. Bxh6 Rxh6 19. Ne2 Rd8 20. O-O-O Rh7 21.
exf5 gxf5 22. Ne3 e4 23. fxe4 fxe4 24. Rhf1 exd3 25. Rxd3 Nc5 26. Rd4 Re7 27.
Rxf6 Rxe3 28. Nf4 Rxg3 29. Nxh5 Rg1+ 30. Kc2 Rg2+ 31. Kc1 Ke7 32. Rf1 Rh2 33.
Ng3 Rg8 34. Nf5+ Kd7 35. Rxd6+ Kc7 36. Rd2 Rxd2 37. Kxd2 Rg2+ 38. Kc3 Rh2 39.
b4 1/2-1/2

[Event "Lliga Catalana DH"]
[Site "?"]
[Date "2015.02.14"]
[Round "4.1"]
[White "Rizouk, A."]
[Black "Muñoz Pantoja, MA."]
[Result "1-0"]
[WhiteElo "2530"]
[BlackElo "2475"]
[PlyCount "69"]
[EventDate "2015.??.??"]
[EventType "team"]

1. e4 d5 2. exd5 Qxd5 3. Nc3 Qa5 4. d4 Nf6 5. Nf3 Nc6 6. Bd2 Bg4 7. Nb5 Qb6 8.
c4 Bxf3 9. Qxf3 Nxd4 10. Nxd4 Qxd4 11. Qxb7 Qe4+ 12. Qxe4 Nxe4 13. Be3 e5 14.
Bd3 Bb4+ 15. Ke2 Nf6 16. c5 Nd5 17. Bb5+ Ke7 18. Rhc1 Nxe3 19. fxe3 c6 20. Bxc6
Rac8 21. a3 Rxc6 22. axb4 a6 23. b5 axb5 24. Ra7+ Ke6 25. b4 f5 26. Rd1 g6 27.
Rb7 Ra8 28. Rxb5 Ra3 29. Rb7 Rb3 30. Rd3 Rb2+ 31. Rd2 Rb3 32. Rb8 h5 33. Rc2
Kf6 34. b5 Kg5 35. Rb7 1-0

[Event "Lliga Catalana DH"]
[Site "?"]
[Date "2015.02.14"]
[Round "4.2"]
[White "Pablo Mari, A."]
[Black "Vassallo Barroche, M."]
[Result "1/2-1/2"]
[WhiteElo "2442"]
[BlackElo "2424"]
[PlyCount "34"]
[EventDate "2015.??.??"]
[EventType "team"]

1. e4 d6 2. d4 Nf6 3. Nc3 e5 4. Nf3 exd4 5. Nxd4 Be7 6. Be2 O-O 7. O-O a6 8.
Bf4 Re8 9. Bg3 Bf8 10. Bh4 Be7 11. Bg3 Bf8 12. Bh4 Nc6 13. Nxc6 bxc6 14. f4 Be7
15. Bf3 Nd7 16. Bxe7 Qxe7 17. Qd2 Rb8 1/2-1/2

[Event "Lliga Catalana DH"]
[Site "?"]
[Date "2015.02.14"]
[Round "4.3"]
[White "Alonso Moyano, J."]
[Black "Pomes Marcet, J."]
[Result "1/2-1/2"]
[WhiteElo "2471"]
[BlackElo "2397"]
[PlyCount "115"]
[EventDate "2015.??.??"]
[EventType "team"]

1. f4 d5 2. Nf3 c5 3. g3 Nc6 4. Bg2 g6 5. O-O Bg7 6. d3 Nf6 7. Qe1 Nd4 8. Nxd4
cxd4 9. Qb4 Qb6 10. Qxb6 axb6 11. c3 dxc3 12. Nxc3 e6 13. e4 O-O 14. Be3 Nxe4
15. dxe4 d4 16. e5 dxe3 17. Ne4 Bd7 18. Rfe1 Bc6 19. Rxe3 Rfd8 20. Rb3 Bf8 21.
Nf6+ Kg7 22. Bxc6 bxc6 23. Kg2 Rd2+ 24. Kh3 b5 25. a3 Rc2 26. Rd1 Be7 27. Ne4
Ra4 28. Nc3 Rc4 29. Rd7 Kf8 30. Rc7 h5 31. Nd1 Re2 32. Ne3 Rc1 33. Rd3 Rh1 34.
Ng2 Rg1 35. Nh4 Bxh4 36. Kxh4 Rxh2+ 37. Kg5 Kg7 38. Rxc6 h4 39. Kg4 Rxg3+ 40.
Rxg3 hxg3 41. Kxg3 Rxb2 42. Rc3 g5 43. fxg5 Kg6 44. Kf4 b4 45. axb4 Rxb4+ 46.
Ke3 Kxg5 47. Rc7 Rf4 48. Ra7 Rf1 49. Ke4 Re1+ 50. Kd4 Kg6 51. Rb7 Kg7 52. Ra7
Rd1+ 53. Ke4 Kf8 54. Rb7 Ke8 55. Ra7 Rd7 56. Ra6 Rb7 57. Ke3 Kf8 58. Ra1
1/2-1/2

[Event "Lliga Catalana DH"]
[Site "?"]
[Date "2015.02.14"]
[Round "4.4"]
[White "Simon Padros, E."]
[Black "Bergez, L."]
[Result "1-0"]
[WhiteElo "2327"]
[BlackElo "2403"]
[PlyCount "143"]
[EventDate "2015.??.??"]
[EventType "team"]

1. e4 g6 2. d4 Bg7 3. c3 d6 4. Nf3 Nf6 5. Bd3 e5 6. dxe5 dxe5 7. Nxe5 O-O 8.
Bg5 Re8 9. Bxf6 Bxf6 10. Nf3 Bg4 11. h3 Bxf3 12. Qxf3 Nd7 13. Bc2 Nc5 14. O-O
Re6 15. Re1 Qe7 16. Nd2 Re8 17. Nb3 Nd7 18. Rad1 Bh4 19. g3 Bg5 20. Rxd7 Qxd7
21. h4 Rf6 22. Qe2 Bh6 23. Kg2 Bf8 24. f4 Ra6 25. Bb1 Rb6 26. Rd1 Rd6 27. Rf1
Rd8 28. Rf2 Rb6 29. Qc4 Qc6 30. Qxc6 Rxc6 31. e5 Rb6 32. Re2 c5 33. Be4 Rb5 34.
c4 Rb4 35. Bd5 b5 36. Rd2 bxc4 37. Na5 Rxd5 38. Rxd5 Rxb2+ 39. Kf3 c3 40. Rd3
c4 41. Rd1 c2 42. Rc1 Bb4 43. Nxc4 Rxa2 44. Ke2 h5 45. Ne3 Bc5 46. Rxc2 Rxc2+
47. Nxc2 Kf8 48. Kf3 a5 49. g4 a4 50. f5 a3 51. gxh5 gxh5 52. Kf4 a2 53. Kg5
Bd4 54. e6 f6+ 55. Kxh5 Kg7 56. Kg4 Bc5 57. Kf3 Kh6 58. Kg4 Bf8 59. Na1 Be7 60.
Nb3 Kg7 61. h5 Ba3 62. Na1 Bc1 63. Nb3 Kf8 64. Kf3 Ke7 65. Ke4 Ba3 66. Kd5 Kf8
67. Kc6 Ke8 68. h6 Bf8 69. h7 Bg7 70. Kd6 Bf8+ 71. Kd5 Bg7 72. Kc4 1-0

[Event "Lliga Catalana DH"]
[Site "?"]
[Date "2015.02.14"]
[Round "4.5"]
[White "Gomez Jurado, LA."]
[Black "Armengol Comas, J."]
[Result "1-0"]
[WhiteElo "2431"]
[BlackElo "2320"]
[PlyCount "75"]
[EventDate "2015.??.??"]
[EventType "team"]

1. c4 Nf6 2. g3 c6 3. Nf3 d5 4. Bg2 dxc4 5. O-O Nbd7 6. Na3 Nb6 7. Qc2 g6 8.
Nxc4 Nxc4 9. Qxc4 Bg7 10. d3 O-O 11. Bd2 a5 12. Qc2 Nd5 13. a3 a4 14. e4 Nc7
15. Bc3 Nb5 16. Bxg7 Kxg7 17. b3 f6 18. bxa4 Nd4 19. Qc4 e5 20. Nxd4 Qxd4 21.
Qxd4 exd4 22. Rfb1 Rxa4 23. Rb4 Rxb4 24. axb4 Be6 25. f4 Rd8 26. Kf2 Kf7 27.
Bf3 Ke7 28. g4 Kd6 29. h4 h6 30. Ra5 Rb8 31. g5 hxg5 32. hxg5 fxg5 33. Rxg5 Rg8
34. e5+ Ke7 35. Be4 Kf7 36. Rg1 Bf5 37. Bxf5 gxf5 38. e6+ 1-0

[Event "Lliga Catalana DH"]
[Site "?"]
[Date "2015.02.14"]
[Round "4.6"]
[White "Sadrija, E."]
[Black "Martinez Ramirez, E."]
[Result "0-1"]
[WhiteElo "2278"]
[BlackElo "2349"]
[PlyCount "106"]
[EventDate "2015.??.??"]
[EventType "team"]

1. d4 Nf6 2. g3 g6 3. Bg2 d5 4. Nf3 Bg7 5. O-O O-O 6. Ne5 Be6 7. c4 c6 8. c5
Nfd7 9. Nf3 b6 10. cxb6 axb6 11. Nc3 Bg4 12. h3 Bxf3 13. Bxf3 e5 14. e3 Na6 15.
Rb1 Nc7 16. Bg2 Ne6 17. dxe5 Nxe5 18. a3 Nc4 19. Qc2 Ra7 20. Rd1 Qe7 21. Ne2 b5
22. b3 Na5 23. Nd4 Qd6 24. Bd2 Bxd4 25. exd4 Nxd4 26. Qd3 Ne6 27. Bb4 c5 28.
Bxa5 Rxa5 29. b4 c4 30. Qf3 Ra4 31. Rxd5 Qa6 32. Qf6 Rxa3 33. Rd7 Qc8 34. Rd6
Rd3 35. Bd5 Nc7 36. Bc6 Ne8 37. Bxe8 Rxe8 38. Rd1 Rxd1+ 39. Rxd1 Qe6 40. Qf3
Kg7 41. Kg2 Rc8 42. Qc3+ Qf6 43. Qxf6+ Kxf6 44. Kf3 c3 45. Ke4 c2 46. Rc1 Ke6
47. Kd4 Rc4+ 48. Kd3 Kd5 49. f3 f5 50. h4 h5 51. f4 Rc6 52. Ke3 Rc3+ 53. Kd2
Kc4 0-1

[Event "Lliga Catalana DH"]
[Site "?"]
[Date "2015.02.14"]
[Round "4.7"]
[White "Perez Mañas, B."]
[Black "Garcia Rubio, JA."]
[Result "1-0"]
[WhiteElo "2375"]
[BlackElo "2215"]
[PlyCount "91"]
[EventDate "2015.??.??"]
[EventType "team"]

1. e4 e6 2. d4 d5 3. Nd2 Nf6 4. Bd3 dxe4 5. Nxe4 Nbd7 6. Nxf6+ Nxf6 7. Nf3 c5
8. O-O cxd4 9. Nxd4 Be7 10. c3 O-O 11. Bf4 Nd5 12. Bg3 Bd6 13. Qe2 g6 14. Bc4
Bxg3 15. hxg3 Ne7 16. Rfd1 Qb6 17. Nb5 a6 18. Nd6 Rd8 19. Qe5 Nf5 20. Ne4 h5
21. Bb3 Nh6 22. Qg5 Rxd1+ 23. Rxd1 Ng4 24. Nf6+ Kf8 25. Nxg4 hxg4 26. Rd8+ Kg7
27. Qe7 Qb5 28. Qf8+ Kf6 29. Rxc8 Rxc8 30. Qxc8 Qe2 31. Qd8+ Kf5 32. Qd1 Qxb2
33. Qc2+ Qxc2 34. Bxc2+ Ke5 35. Kf1 f5 36. Ke2 g5 37. Kd3 b5 38. Bd1 Kd5 39.
Bb3+ Ke5 40. c4 bxc4+ 41. Kxc4 f4 42. Bd1 fxg3 43. fxg3 Ke4 44. Bxg4 e5 45.
Bf3+ Ke3 46. Kd5 1-0

[Event "Lliga Catalana DH"]
[Site "?"]
[Date "2015.02.14"]
[Round "4.8"]
[White "Del Amo Carbo, J."]
[Black "Obon Temprano, S."]
[Result "0-1"]
[WhiteElo "2207"]
[BlackElo "2373"]
[PlyCount "72"]
[EventDate "2015.??.??"]
[EventType "team"]

1. d4 d5 2. c4 c6 3. Nf3 Nf6 4. Nc3 e6 5. e3 Nbd7 6. Bd3 dxc4 7. Bxc4 b5 8. Bd3
a6 9. O-O Bb7 10. Qe2 c5 11. Rd1 Qb6 12. Bc2 cxd4 13. exd4 Be7 14. Bg5 h6 15.
Bh4 Qd8 16. Ne5 Nd5 17. Bg3 O-O 18. f4 Nxc3 19. bxc3 Nxe5 20. dxe5 Qb6+ 21. Kh1
Qc6 22. f5 Rfd8 23. fxe6 Qxe6 24. Bb3 Bd5 25. Rxd5 Rxd5 26. a4 bxa4 27. Rxa4
Rb8 28. Bxd5 Rb1+ 29. Be1 Qxd5 30. Kg1 Qc6 31. Rf4 Qxc3 32. Rf1 Bc5+ 33. Kh1
Qe3 34. Qa2 Rxe1 35. Qxf7+ Kh8 36. h3 Qe2 0-1

[Event "Lliga Catalana DH"]
[Site "?"]
[Date "2015.02.14"]
[Round "4.9"]
[White "Bosque Ortega, X."]
[Black "Llados Peiro, JM."]
[Result "1/2-1/2"]
[WhiteElo "2300"]
[BlackElo "2195"]
[PlyCount "69"]
[EventDate "2015.??.??"]
[EventType "team"]

1. d4 f5 2. Nf3 g6 3. Nc3 Nf6 4. Bg5 Bg7 5. Bxf6 Bxf6 6. e4 fxe4 7. Nxe4 d5 8.
Nxf6+ exf6 9. Qe2+ Qe7 10. Qxe7+ Kxe7 11. O-O-O b6 12. h4 h5 13. Bd3 Kf7 14. c3
Bg4 15. Rde1 c5 16. dxc5 bxc5 17. Nd2 Nc6 18. f3 Bd7 19. Bb5 Rac8 20. Bxc6 Bxc6
21. Nb3 Ba4 22. Re2 Rhe8 23. Rxe8 Bxe8 24. Kd2 Ke7 25. Re1+ Kd6 26. Nc1 Bb5 27.
b3 a5 28. f4 a4 29. g3 axb3 30. axb3 Ra8 31. Kc2 Bd7 32. Kb2 Rb8 33. Nd3 Bf5
34. Nc1 Bd7 35. Nd3 1/2-1/2

[Event "Lliga Catalana DH"]
[Site "?"]
[Date "2015.02.14"]
[Round "4.10"]
[White "Arus Blanch, D."]
[Black "Ramirez Carrizo, VJ."]
[Result "1/2-1/2"]
[WhiteElo "2112"]
[BlackElo "2229"]
[PlyCount "102"]
[EventDate "2015.??.??"]
[EventType "team"]

1. e4 e6 2. d4 d5 3. Nc3 Bb4 4. a3 Bxc3+ 5. bxc3 dxe4 6. Qg4 Nf6 7. Qxg7 Rg8 8.
Qh6 Rg6 9. Qe3 Nc6 10. Bb2 Ne7 11. O-O-O Bd7 12. Nh3 Ned5 13. Qd2 b5 14. Nf4
Rg4 15. Nxd5 Nxd5 16. g3 Bc6 17. Be2 Rg6 18. Rhf1 Qe7 19. c4 bxc4 20. Bxc4 Rb8
21. Bb3 Rg5 22. Rfe1 Nb6 23. Qb4 Rf5 24. Qxe7+ Kxe7 25. Rd2 Bd5 26. Re3 h5 27.
h4 Rg8 28. a4 Bc6 29. Ba3+ Ke8 30. Bc5 a5 31. Bxb6 cxb6 32. c4 Rg4 33. Bd1 Rg8
34. Bc2 Rg4 35. Kd1 Rf3 36. Rde2 Ke7 37. Kd2 f5 38. Kc3 Rxe3+ 39. Rxe3 f4 40.
gxf4 Rxf4 41. d5 exd5 42. cxd5 Bxd5 43. Kd4 Kd6 44. Bxe4 Rxh4 45. f3 Bc6 46.
Rb3 Bxe4 47. fxe4 Kc7 48. Rc3+ Kd6 49. Rb3 Kc6 50. Rc3+ Kd6 51. Rb3 Kc6 1/2-1/2

[Event "Lliga Catalana DH"]
[Site "?"]
[Date "2015.02.14"]
[Round "4.2"]
[White "Oratovsky, M."]
[Black "Vocaturo, D."]
[Result "0-1"]
[WhiteElo "2530"]
[BlackElo "2585"]
[PlyCount "75"]
[EventDate "2015.??.??"]
[EventType "team"]

1. e4 e5 2. Nf3 Nc6 3. Bc4 Bc5 4. c3 Nf6 5. d3 O-O 6. Nbd2 d6 7. Bb3 Be6 8. Ba4
Bb6 9. h3 Ne7 10. Ng5 Ng6 11. Nxe6 fxe6 12. O-O d5 13. Bc2 Qd6 14. Nf3 Rad8 15.
Qe2 Nh5 16. Kh2 Nhf4 17. Qe1 Rd7 18. Be3 d4 19. Bxf4 Nxf4 20. c4 g5 21. Ng1 Rg7
22. g3 Nh5 23. Kg2 Nf6 24. g4 Nd7 25. Ne2 Rd8 26. Ng3 Nf8 27. Nh5 Rf7 28. Qd2
Qe7 29. h4 h6 30. hxg5 hxg5 31. f3 Ng6 32. Bd1 Rdf8 33. Be2 c5 34. Rf2 Nh4+ 35.
Kg3 Bd8 36. Rh1 Rh7 37. Rff1 Qf7 38. Rh3 0-1

[Event "Lliga Catalana DH"]
[Site "?"]
[Date "2015.02.14"]
[Round "4.3"]
[White "Valdes Romero, L."]
[Black "Martinez Alcantara, JE."]
[Result "1/2-1/2"]
[WhiteElo "2472"]
[BlackElo "2414"]
[PlyCount "77"]
[EventDate "2015.??.??"]
[EventType "team"]

1. Nf3 c5 2. c4 Nc6 3. Nc3 g6 4. g3 Bg7 5. Bg2 e6 6. d3 Nge7 7. Bg5 h6 8. Bd2
O-O 9. a3 d5 10. Rb1 b6 11. Qc1 Kh7 12. b4 cxb4 13. axb4 dxc4 14. dxc4 e5 15.
b5 Na5 16. O-O Nxc4 17. Rd1 Bf5 18. Bxh6 Bxh6 19. Rxd8 Bxc1 20. Rxa8 Rxa8 21.
Rxc1 Rc8 22. Nd5 Nxd5 23. Ng5+ Kg7 24. Bxd5 Nd6 25. Rxc8 Bxc8 26. Bc6 a5 27.
bxa6 Bxa6 28. Kf1 Bc4 29. Ke1 f6 30. Ne4 Nxe4 31. Bxe4 f5 32. Bc6 f4 33. Kd2 g5
34. e3 Kf6 35. exf4 exf4 36. gxf4 gxf4 37. Kc3 Be2 38. Kd4 Kg5 39. Ke5 1/2-1/2